Normal view MARC view

Entry Topical Term

Number of records used in: 101

001 - CONTROL NUMBER

  • control field: 24405

003 - CONTROL NUMBER IDENTIFIER

  • control field: dpl

005 - DATE AND TIME OF LATEST TRANSACTION

  • control field: 20101122105412.0

008 - FIXED-LENGTH DATA ELEMENTS

  • fixed length control field: 101122|||a|||||| | ||| d

040 ## - CATALOGING SOURCE

  • Original cataloging agency: dpl
  • Transcribing agency: dpl

150 ## - HEADING--TOPICAL TERM

  • Topical term or geographic name as entry element: Hindi Fiction

670 ## - SOURCE DATA FOUND

  • Source citation: Work cat.: (dpl)48676: मनमोहन सरल 24400, (इक्कीस) 21 श्रेष्ठ कहानियाँ /, 2010

670 ## - SOURCE DATA FOUND

  • Source citation: Work cat.: (dpl)48676: मनमोहन सरल 24400, (इक्कीस) 21 श्रेष्ठ कहानियाँ /, 2010

© Delhi Public Library
Hit Counter
free hit counter